[Event "NOR-ch Elite 2017"]
[Site "Stavanger"]
[Date "2017.06.30"]
[Round "1"]
[White "Agdestein, Simen"]
[Black "Lovik, Lasse Ostebo"]
[Result "1-0"]
[WhiteElo "2604"]
[BlackElo "2400"]
[Annotator "TA"]
[PlyCount "81"]
[EventDate "2017.??.??"]
[EventType "swiss"]
[EventCountry "NOR"]
[SourceTitle "playchess.com"]
[Source "ChessBase"]
[SourceQuality "1"]

{[%evp 14,81,29,29,43,36,33,30,40,34,37,37,45,31,43,44,46,16,18,17,33,35,50,61,56,63,49,38,74,64,162,168,162,166,248,243,254,252,251,250,285,289,337,347,376,364,394,392,389,382,377,363,370,339,353,349,343,327,390,410,405,377,406,405,412,404,445,450,519,504]} 1. Nf3 Nf6 2. g3 g6 3. b3 Bg7 4. Bb2 c5 5. c4 Nc6 6. Bg2 O-O 7. O-O d6 {[%cal Bd7d6,Bd6d5][%mdl 32]} 8. d4 d5 {E60: King's Indian: Unusual lines and Fianchetto Variation without Nc3} (8... cxd4 9. Nxd4 Bd7 10. e3 Qc8 11. Re1 Bh3 12. Bh1 Qd7 13. Nc3 Rac8 14. Qd2 h5 15. Rac1 h4 16. Nf3 hxg3 17. hxg3 e5 18. Ng5 {1-0 (44) Inarkiev,E (2732)-Hou,Y (2658) Petropavlovsk Kamchatsky 2016}) 9. dxc5 dxc4 10. Ne5 Nxe5 {White has an edge.} 11. Qxd8 Rxd8 12. Bxe5 cxb3 13. axb3 Nd5 14. Bxg7 Kxg7 15. Rc1 $146 ({Predecessor:} 15. Rd1 Be6 16. Ra4 Nf4 17. Rd2 Nxg2 18. Kxg2 Bxb3 19. Rxd8 Rxd8 20. Rxa7 {½-½ (57) Carneiro,V (2435)-Escalante Ramirez,B (2333) Manta 2017}) 15... Be6 16. Na3 Rac8 17. Nb5 a6 18. Nd4 Rc7 19. Nxe6+ fxe6 20. Rc4 Rdc8 21. b4 {[%cal Bb3b4,Bb4b5][%mdl 32]} b6 ({Black should try} 21... Nf6 $14) 22. Rxa6 $18 bxc5 23. b5 Kf7 (23... Rb8 $142) 24. Bh3 Kg7 25. Bxe6 Rd8 26. Rc6 Rb7 27. R4xc5 Nb6 28. f4 Rd4 29. Rc7 Na4 30. R5c6 ({Less strong is} 30. Rxb7 Nxc5 31. Rb6 (31. Rxe7+ Kf6 $14) 31... Nxe6 $18) 30... Rxc7 31. Rxc7 {[%mdl 4096] Endgame KRB-KRN} Rb4 32. Rc4 Rb1+ 33. Kg2 Nb6 34. Rc5 Na4 35. Re5 Nc3 36. Bc4 Kf8 37. Bd3 Rb2 38. h4 {[%cal Bh2h4,Bh4h5,Bh5g6][%mdl 32]} Kf7 39. Kf3 Na4 40. h5 Nb6 41. hxg6+ {Precision: White = 87%, Black = 42%.} 1-0

[Event "NOR-ch Elite 2017"]
[Site "Stavanger"]
[Date "2017.06.30"]
[Round "1"]
[White "Urkedal, Frode"]
[Black "Fossan, Erik"]
[Result "1-0"]
[WhiteElo "2541"]
[BlackElo "2347"]
[Annotator "TA"]
[PlyCount "141"]
[EventDate "2017.??.??"]
[EventType "swiss"]
[EventCountry "NOR"]
[SourceTitle "playchess.com"]
[Source "ChessBase"]
[SourceQuality "1"]

{[%evp 18,141,48,41,44,26,32,18,31,39,17,6,14,24,26,29,88,48,132,35,55,29,39,11,4,0,0,-10,-17,-46,-50,-37,-26,-230,-208,-408,-392,-388,-22,-21,-20,-31,-27,-20,0,0,83,83,75,64,75,75,75,68,68,0,68,68,108,108,108,108,108,108,108,108,108,108,108,108,108,108,108,68,108,83,108,108,108,83,83,75,108,83,108,83,108,36,36,36,36,36,29968,29969,1383,31,29967,29967,29980,29965,29965,0,29967,29963,29960,29964,29958,29959,29980,29981,29981,29982,29982,29983,29983,29984,29984,29985,29985,29986,29986,29987,29987,29988,29989,29990]} 1. d4 Nf6 2. c4 e6 3. Nf3 c5 4. d5 b5 5. Bg5 exd5 6. cxd5 d6 7. e4 {E10: Blumenfeld Gambit} (7. e3 a6 8. a4 b4 9. Nbd2 Be7 10. Nc4 Bb7 11. Bxf6 Bxf6 12. a5 O-O 13. Bd3 Qe7 14. O-O Nd7 {0-1 (38) Delchev,A (2629)-Mamedyarov,S (2733) Porto Carras 2011}) 7... a6 8. Bd3 Be7 9. Bf4 Bg4 10. Nbd2 {LiveBook: 4 Games} O-O 11. a4 $146 ({Predecessor:} 11. h3 Bh5 12. b3 Nbd7 13. O-O Re8 14. Qc2 Bf8 {½-½ (66) Jojua,D (2519)-Kanmazalp,O (2265) Izmir 2009}) 11... c4 12. Bc2 {And now axb5 would win.} Nbd7 13. h3 Bxf3 14. Qxf3 Rc8 15. axb5 axb5 16. O-O b4 (16... Re8 $11 {keeps the balance.}) 17. Qe2 b3 (17... c3 $1 $14 18. bxc3 Rxc3) 18. Bd1 ({White should try} 18. Bb1 $1 $16) 18... Nc5 $1 $14 19. Nxc4 Nfxe4 20. Na5 {aiming for Nc6.} Bg5 $36 {[%mdl 2048] Black is pushing.} 21. Nc6 (21. Qe3 $5) 21... Qf6 22. Bxg5 Qxg5 23. Ra7 {Ne7+ is the strong threat.} Rce8 24. Re1 Kh8 25. Nb4 $2 (25. Nd4 $11 {and White stays safe.}) 25... h6 $1 $19 26. Qe3 $2 (26. Nc6) 26... Nf6 $1 27. Qc3 Nxd5 $2 (27... Rxe1+ $19 28. Qxe1 Qc1) 28. Nxd5 $11 Rxe1+ 29. Qxe1 Qxd5 30. Bf3 Qd4 (30... Qe6 $5 {[%cal Re6e1]} 31. Ra1 Qxe1+ 32. Rxe1 g5 $11) 31. Rxf7 Rxf7 (31... Kg8 $11 32. Rxf8+ Kxf8) 32. Qe8+ $16 Kh7 33. Qxf7 Qxb2 {Strongly threatening ...Qb1+.} 34. Bg4 $1 {[%cal Rg4f5]} Qa1+ 35. Kh2 {Bf5+ would kill now.} Qa8 $1 36. Bf5+ Kh8 37. Qg6 {[%csl Gf5][%cal Rg6h7]} Kg8 38. Qxd6 b2 39. Qxc5 Qb8+ 40. g3 b1=Q 41. Qd5+ Kh8 42. Bxb1 Qxb1 {[%mdl 4096] Endgame KQ-KQ} 43. h4 Qb2 44. Kg2 Qe2 45. Qf5 Qa6 46. g4 Qc6+ 47. Qf3 Qe8 48. Qd5 (48. h5 {with more complications.} Qd8 49. Qc6 Qb8 50. Qd5 Qf4 51. Qe6) 48... Qc8 49. Qe4 Qd8 50. Kh3 Qb6 51. Qf5 Qa6 52. g5 ({Better is} 52. h5 $16) 52... Qf1+ $14 53. Kh2 hxg5 54. hxg5 {[%cal Bh4g5,Bg5g6][%mdl 32]} Qc4 $2 {[%mdl 8192] [#]} (54... Kg8 $14 55. g6 Qc4) 55. g6 $1 Kg8 56. Kg1 $2 ({White has to play} 56. Kg3 $18 {Intending Qd7 and mate.} Qc3+ 57. Qf3 Qe5+ 58. Qf4) 56... Qc1+ $2 {[%mdl 8192]} (56... Qc7 $14 57. Kg2 Qc6+ 58. Kg3 Qc7+ 59. Qf4 Qc3+ 60. Kh2 Qc8 61. Qf7+ Kh8) 57. Kg2 Qc4 58. Kg3 Qc3+ 59. Kh2 Qc4 60. Kh3 {White mates.} Qf1+ {[#]} 61. Kg3 $1 {[%cal Rf5c8]} Qg1+ 62. Kf3 {[%cal Rf5c8]} Qd1+ 63. Kg2 Qd8 64. Qe6+ Kh8 65. Qh3+ Kg8 66. Qh7+ Kf8 67. Qh8+ Ke7 68. Qxg7+ Ke6 69. Qf7+ Ke5 70. g7 Qa8+ 71. Kh2 {Precision: White = 41%, Black = 48%.} 1-0

[Event "NOR-ch Elite 2017"]
[Site "Stavanger"]
[Date "2017.06.30"]
[Round "1"]
[White "Elsness, Frode"]
[Black "Gronn, Atle"]
[Result "1-0"]
[WhiteElo "2466"]
[BlackElo "2331"]
[Annotator "TA"]
[PlyCount "79"]
[EventDate "2017.??.??"]
[EventType "swiss"]
[EventCountry "NOR"]
[SourceTitle "playchess.com"]
[Source "ChessBase"]
[SourceQuality "1"]

{[%evp 16,79,72,46,39,42,58,58,54,50,56,46,43,31,61,52,81,41,95,91,111,64,69,54,54,45,104,104,91,97,253,157,155,148,225,214,306,304,324,317,351,331,387,384,388,389,374,361,389,387,429,427,418,399,618,622,1250,1097,11014,11014,5760,5742,5702,5417,29995,1100]} 1. d4 g6 2. c4 Bg7 3. e4 c5 4. d5 d6 5. Nc3 e6 6. Bd3 Ne7 7. h3 {A43: Schmid Benoni} (7. Nf3 O-O 8. O-O exd5 9. exd5 Bf5 10. Re1 Bxd3 11. Qxd3 Nd7 12. Bf4 Nf6 13. h3 a6 14. Re2 Qd7 15. Rae1 Rae8 16. b3 {½-½ (29) Mchedlishvili,M (2601)-Malakhov,V (2713) Doha 2016}) 7... O-O 8. Nf3 a6 9. a4 {LiveBook: 14 Games. White is better.} exd5 10. exd5 Bf5 11. O-O $146 ({Predecessor:} 11. Bg5 Qb6 12. O-O Bxd3 13. Qxd3 Nc8 14. a5 Qc7 {0-1 (68) Gogin,R (2097)-Heberla,B (2420) Hallsberg 2003}) 11... Nd7 12. Be2 Nf6 13. g4 Bd7 14. Bf4 Qc7 15. Qd2 Rfe8 16. Rfe1 Rad8 (16... h5 $14) 17. Bg5 $16 Kh8 18. Bxf6 Bxf6 19. Ne4 $36 {[%cal Bc3e4,Be4d6,Bd6b7,Bb7c5][%mdl 2080] White has some pressure.} (19. Qf4 $5 {[%cal Rf4f6]} Bxc3 20. bxc3 $16) 19... Bg7 $1 20. Qf4 Rf8 ({Black should play} 20... Bc8 $1 $14) 21. Qxd6 Qxd6 22. Nxd6 Bxb2 $2 (22... Bc8 $16) 23. Nxb7 {[#] Strongly threatening Rab1.} Bxa1 24. Rxa1 {Hoping for Ne5.} Rb8 (24... Rc8 $16 {keeps fighting.}) 25. Nxc5 $18 Rfd8 (25... Bc8 $142 26. d6 Nc6) 26. Nxa6 Rb2 27. Bf1 h5 28. Nc5 f6 29. Nd4 hxg4 30. Nde6 Bxe6 31. Nxe6 Rdb8 32. hxg4 Rb1 33. Rxb1 Rxb1 {[%mdl 4096] Endgame KRN-KBN} 34. Kg2 Ra1 (34... Kg8 $142 35. a5 Ra1) 35. d6 Nc6 36. c5 Rxa4 37. Bb5 Rxg4+ 38. Kh3 Ne5 39. d7 Rb4 40. d8=Q+ {Precision: White = 72%, Black = 22%.} 1-0

[Event "NOR-ch Elite 2017"]
[Site "Stavanger"]
[Date "2017.06.30"]
[Round "1"]
[White "Christiansen, Johan-Sebastian"]
[Black "Gandrud, Vegar Koi"]
[Result "0-1"]
[WhiteElo "2458"]
[BlackElo "2330"]
[Annotator "TA"]
[PlyCount "100"]
[EventDate "2017.??.??"]
[EventType "swiss"]
[EventCountry "NOR"]
[SourceTitle "playchess.com"]
[Source "ChessBase"]
[SourceQuality "1"]

{[%evp 9,100,23,45,29,30,35,37,37,39,43,45,45,51,0,17,18,43,43,49,22,37,4,29,0,0,0,0,-8,-8,-35,-40,-46,-46,-60,-68,-104,-105,-97,-93,-144,-99,-88,-93,-106,-107,-261,-264,-284,-262,-322,-332,-330,-321,-380,-370,-502,-497,-482,-416,-501,-470,-535,-549,-551,-533,-536,-512,-608,-603,-699,-677,-860,-863,-828,-847,-847,-832,-807,-652,-933,-928,-956,-939,-1081,-1081,-939,-893,-970,-832,-833,-833,-830,-824]} 1. e4 c5 2. Nf3 d6 3. Bb5+ Nd7 4. O-O a6 5. Bd3 g6 (5... Ngf6 6. Re1 e6 7. c3 b5 8. a4 Bb7 9. Bc2 c4 10. d4 cxd3 11. Qxd3 Nc5 12. Qe2 bxa4 {1-0 (25) Vachier Lagrave,M (2796)-Giri,A (2771) Stavanger 2017}) 6. c3 {B51: Sicilian: Moscow Variation (3 Bb5+) without 3...Bd7} Bg7 7. Bc2 Ne5 8. Nxe5 {White is slightly better.} dxe5 9. a4 b6 10. d3 Nf6 11. h3 (11. f4 $14) 11... O-O 12. Be3 Nd7 $146 ({Predecessor:} 12... Qc7) 13. Nd2 Bb7 14. Rb1 Qc7 15. b4 cxb4 16. Rxb4 a5 17. Rb2 Ba6 18. Qb1 Qxc3 19. Nc4 Bxc4 20. dxc4 Qxc4 21. Rd1 Qc7 22. Bb3 e6 23. Rc1 Qb7 24. Rd1 ({White should try} 24. Bc4) 24... Rab8 25. Bc4 Rfd8 26. Qa2 Qc7 27. Bxe6 $2 {[#]} (27. Bg5 $17 Nf6 28. Rc1) 27... fxe6 $19 28. Qxe6+ Kh8 29. Bg5 Nf6 $1 30. Rxd8+ Qxd8 31. Qc4 Qd4 32. Qb3 Nxe4 33. Be3 Qc3 34. Qa2 Qc7 {Black is clearly winning.} 35. Rc2 Nc5 36. Qc4 Rc8 37. Qg4 Qc6 38. Rd2 Rf8 39. h4 Qxa4 40. Qh3 Qe4 41. h5 Qb1+ 42. Kh2 gxh5 43. Qxh5 Qf5 44. Qd1 Ne4 45. Rb2 Nc3 46. Qd2 Qh5+ 47. Kg1 Qd1+ 48. Kh2 Qxd2 49. Bxd2 Nd5 50. Rb5 Rd8 {Precision: White = 34%, Black = 67%.} 0-1

[Event "NOR-ch Elite 2017"]
[Site "Stavanger"]
[Date "2017.06.30"]
[Round "1"]
[White "Arvola, Benjamin"]
[Black "Risting, Eivind Olav"]
[Result "0-1"]
[WhiteElo "2435"]
[BlackElo "2295"]
[Annotator "TA"]
[PlyCount "92"]
[EventDate "2017.??.??"]
[EventType "swiss"]
[EventCountry "NOR"]
[SourceTitle "playchess.com"]
[Source "ChessBase"]
[SourceQuality "1"]

{[%evp 16,92,22,27,35,26,45,57,47,41,46,39,37,32,68,66,97,-7,53,-67,-45,-117,-119,-111,-110,-107,-117,-160,-84,-125,-52,-50,-48,-314,-310,-393,-331,-327,-341,-337,-296,-298,-300,-313,-309,-291,-295,-281,-297,-477,-461,-466,-458,-616,-609,-649,-637,-845,-715,-702,-698,-831,-816,-776,-781,-710,-692,-29973,-29974,-29974,-29975,-29973,-29974,-29976,-29977,-29984,-29985,-29985,-29986]} 1. e4 c6 2. d4 d5 3. Nc3 dxe4 4. Nxe4 Nf6 5. Nxf6+ exf6 6. c3 Bd6 7. Bd3 O-O 8. Be3 Re8 9. Qc2 {LiveBook: 4 Games} h5 {B15: Caro-Kann: 3 Nc3: 3...g6 and 3...dxe4 4 Nxe4 Nf6 5 Nxf6+ exf6} 10. Ne2 h4 $146 ({Predecessor:} 10... Nd7 11. Ng3 Nb6 12. O-O-O Nd5 13. Bd2 Nf4 14. Bxf4 Bxf4+ 15. Kb1 Qa5 16. Bh7+ {0-1 (89) Abdumalik,Z (2420)-Lenderman,A (2587) Saint Louis 2017}) 11. O-O-O Nd7 {White is slightly better.} 12. g3 h3 13. Bh7+ Kh8 14. Bf5 Nf8 15. d5 Qa5 16. Rd4 (16. Kb1 $16) 16... Kg8 (16... Bxf5 $1 $11 17. Qxf5 Re5 18. Qxh3+ Kg8) 17. Rhd1 (17. Bxc8 $1 $14 Raxc8 18. dxc6 Rxc6 19. Ra4) 17... Bc5 (17... Qxa2 $2 18. Bxc8 b5 19. Bb7 $18) 18. Rh4 (18. Ra4 $15 Bxe3+ 19. fxe3 Bxf5 20. Rxa5 Bxc2 21. Kxc2) 18... Bxe3+ $17 19. fxe3 {[#] And now Bh7+ would win.} Bxf5 20. Qxf5 {White wants to mate with Qh5.} Ng6 $36 {[%cal Bf8g6,Bg6f4,Bf4e2][%mdl 2080] White is under strong pressure.} 21. Rb4 Rxe3 (21... Qxa2 $142 22. Nf4 Re5 23. Qxh3 Nxf4 24. gxf4 Rxd5 25. Rxd5 Qxd5) 22. Nf4 Re5 ({Reject} 22... Qxa2 $6 23. Nxg6 fxg6 24. Qc2 $11) (22... Nxf4 $17 23. Qxf4 Re2) 23. Qxh3 $15 Qxa2 {[#] ...a5 is the strong threat.} 24. dxc6 $2 {[%mdl 8192]} (24. Nxg6 $1 $15 fxg6 25. Qg4) 24... Nxf4 $19 ({Less strong is} 24... bxc6 25. Nxg6 Qa1+ 26. Kc2 $17) 25. Qd7 Ne2+ 26. Kc2 {Hoping for c7.} bxc6 27. Qxc6 Rae8 28. Ra4 Qe6 29. Qxe6 R8xe6 ({Resist} 29... R5xe6 30. Rxa7 f5 31. Rdd7 $19) 30. Rxa7 Rh5 31. Rd8+ Kh7 32. Rxf7 $2 (32. Raa8) 32... Rxh2 33. Rd2 Rg2 34. b4 Rxg3 35. Rc7 Ree3 36. c4 Nf4 37. b5 Rc3+ 38. Kb2 Rb3+ 39. Ka2 Ra3+ 40. Kb2 Rgb3+ 41. Kc2 Rc3+ {Black mates.} 42. Kb1 Nd3 43. Rxd3 Rxd3 44. Rc6 Rd2 45. b6 Rf3 {[%cal Rf3f1]} 46. Kc1 Ra2 {Precision: White = 28%, Black = 67%.} 0-1

[Event "NOR-ch Elite 2017"]
[Site "Stavanger"]
[Date "2017.06.30"]
[Round "1"]
[White "Holm, Kristian Stuvik"]
[Black "Machlik, Endre"]
[Result "1-0"]
[WhiteElo "2403"]
[BlackElo "2194"]
[Annotator "TA"]
[PlyCount "55"]
[EventDate "2017.??.??"]
[EventType "swiss"]
[EventCountry "NOR"]
[SourceTitle "playchess.com"]
[Source "ChessBase"]
[SourceQuality "1"]

{[%evp 9,55,13,50,23,21,14,9,2,12,7,10,11,0,0,0,0,0,2,6,0,1,-15,-15,-48,-29,-23,-12,-22,-6,-7,-7,-7,0,-6,8,-11,-10,-11,7,0,16,14,21,8,78,77,443,442]} 1. d4 d5 2. Nf3 Nf6 3. Bf4 Bf5 4. c4 e6 5. Nc3 Be7 (5... Bb4 6. Qa4+ Nc6 7. Ne5 O-O 8. Nxc6 Bxc3+ 9. bxc3 bxc6 10. Qxc6 Qb8 11. Qb5 dxc4 12. Qxb8 Rfxb8 13. Bxc7 {½-½ (27) Buhmann,R (2653)-Nisipeanu,L (2674) Dortmund 2016}) 6. e3 {D06: Queen's Gambit: Symmetrical and Baltic Defences} O-O 7. Be2 dxc4 8. Bxc4 {The position is equal.} c5 9. dxc5 $146 ({Predecessor:} 9. O-O Nc6 10. dxc5 Bxc5 11. a3 Ne4 12. Rc1 Qxd1 13. Rfxd1 {1-0 (25) Faizrakhmanov,R (2426)-Vlassow,V (2262) Minsk 2015}) 9... Bxc5 (9... Qc8 {with more complications.} 10. O-O Qxc5 11. Be2 Nc6 12. Qb3 Qb4) 10. Qe2 Ne4 (10... Qe7 {is interesting.} 11. O-O Nc6 12. Bb5 Rfd8 13. Rad1 Nd5) 11. Nxe4 (11. O-O {seems wilder.} Nxc3 12. bxc3 Nc6 13. Nd4 Be4 14. Qg4) 11... Bxe4 12. O-O Nc6 13. Nd2 Bg6 14. Nb3 Bb6 15. Rad1 (15. Rfd1 $5 {[%cal Rd1d8]} Qf6 16. a4 $11) 15... Qf6 16. Rd7 Rfd8 17. Rfd1 Rxd7 18. Rxd7 Rd8 19. Rxd8+ ({Much weaker is} 19. Rxb7 Ne5 $17) 19... Qxd8 20. a3 Kf8 (20... e5 $5 21. Bg3 $8 h5 $11) 21. h3 a6 22. Qf3 Qd7 23. Bg3 Bc2 24. Kh2 Na5 25. Nxa5 Bxa5 26. Qf4 b5 (26... Bd8 $11 {remains equal.}) 27. Be2 $16 Bd1 $2 {[%mdl 8192] [#]} (27... Qd8 $16 {is a better chance.}) 28. Qd6+ {Precision: White = 45%, Black = 30%.} 1-0

[Event "NOR-ch Elite 2017"]
[Site "Stavanger"]
[Date "2017.06.30"]
[Round "1"]
[White "Kaasen, Tor Fredrik"]
[Black "Hammer, Jon Ludvig"]
[Result "1/2-1/2"]
[WhiteElo "2402"]
[BlackElo "2628"]
[Annotator "TA"]
[PlyCount "132"]
[EventDate "2017.??.??"]
[EventType "swiss"]
[EventCountry "NOR"]
[SourceTitle "playchess.com"]
[Source "ChessBase"]
[SourceQuality "1"]

{[%evp 11,132,1,10,-8,16,17,24,23,22,30,68,41,23,0,25,0,0,-75,-69,-98,65,56,61,0,0,0,1,-15,-14,-19,-23,-23,-20,-34,0,0,0,0,18,20,19,19,20,17,16,20,23,0,68,42,52,62,46,53,58,50,50,37,42,40,45,49,32,45,44,28,143,143,143,143,143,114,114,114,114,114,114,114,114,114,114,114,114,114,114,114,114,114,114,114,114,114,114,114,114,0,114,114,114,114,114,114,114,40,40,41,39,46,46,46,46,33,33,33,43,43,43,43,43,0,0,0,1]} 1. c4 e5 2. g3 d6 3. Bg2 f5 4. Nc3 Nf6 5. e3 c6 6. Nge2 Be7 7. d4 {A21: English Opening: 1...e5 2 Nc3} e4 (7... O-O 8. O-O Qe8 9. b4 Nbd7 10. a4 e4 11. a5 Qf7 12. c5 {1-0 (37) Vitiugov,N (2681)-Rasmussen,A (2535) Ohrid 2009}) 8. f3 {[%cal Rf3e4]} exf3 9. Bxf3 {White has an edge.} O-O 10. O-O Nbd7 $146 ({Predecessor:} 10... Na6 11. Nf4 Nc7 12. e4 fxe4 13. Nxe4 Ne6 14. d5 Nxf4 15. Bxf4 Nxe4 16. Bxe4 Bf5 17. Bxf5 Rxf5 18. Qe2 Qd7 19. Rae1 Rf7 20. Qe6 Rd8 21. Qxd7 {½-½ (21) Wettstein,M (2023)-Muller,H (1787) Sydney 2006}) 11. Nf4 {Threatens to win with Ne6.} Nb6 12. Qd3 (12. d5 $5 {[%cal Rd5c6]}) 12... g5 13. Nh5 Ng4 14. Bxg4 (14. b3 $11) 14... fxg4 $17 15. Bd2 Qe8 $2 (15... Be6 $17 16. Rxf8+ Qxf8) 16. Rxf8+ $14 Qxf8 17. Rf1 (17. c5 $1 $14 Qf7 18. cxb6) 17... Qh6 $11 18. Qe4 Qe6 19. b3 (19. Nf6+ $5 Bxf6 20. Qxe6+ Bxe6 21. Rxf6 Nxc4 22. Bc1 $14) 19... d5 20. cxd5 Qxe4 21. Nxe4 {[#] Black must now prevent d6.} Nxd5 22. Nc3 Nc7 23. e4 h6 24. d5 $36 {[%mdl 2048] White has good play.} Bc5+ 25. Kg2 Ne8 26. dxc6 bxc6 27. Nf6+ Nxf6 28. Rxf6 Bb7 29. Rxh6 {[#] Strongly threatening Rg6+.} (29. Na4 $5 {[%cal Ra4c5]} Bf8 30. Be3 $14) 29... Bb4 (29... Rf8 $1 $11 30. Be1 Ba6 31. Rg6+ (31. Rxc6 {gets mated.} Bf1+ 32. Kh1 Bh3 33. Rc8 Rxc8 34. Bd2 Rf8 35. Bf4 gxf4 36. b4 f3 37. bxc5 Bg2+ 38. Kg1 f2+ 39. Kxg2 f1=Q#) 31... Kh7 32. Rxg5 (32. Rxc6 {is a self mate.} Bf1+ 33. Kh1 Bh3 34. Bf2 Rxf2 35. Rc7+ Kg6 36. Rc6+ Kh5 37. Rf6 Rxf6 38. Ne2 Rf1+ 39. Ng1 Rxg1#) 32... Bf1+ 33. Kh1 Be3) 30. a3 Bxa3 31. Bxg5 Kg7 32. Rh4 {Be3 is the strong threat.} Bc8 $1 33. Bf4 Bb2 34. Be5+ Kg6 35. Rh8 Bb7 36. Rxa8 Bxa8 $14 {[%mdl 4096] Endgame KBB-KBN} 37. Kf2 c5 38. Ke3 a6 (38... Kf7 $11) 39. Kf4 $16 Bxc3 40. Bxc3 {KB-KB} Bc6 41. Bd2 Bd7 42. Be3 Be6 43. Bxc5 Kf6 44. b4 Bd7 45. Bd4+ Kg6 46. Ke5 Kf7 47. Kd6 Be6 48. Be5 Bb3 49. Bf4 Bc2 50. Ke5 Kg6 51. Be3 Bb3 52. Kd6 Kf7 53. Ke5 ({White should try} 53. Ba7 $16) 53... Be6 (53... Kg6 $11 {remains equal.}) 54. Bg1 Bc8 55. Kf4 Kg6 56. e5 Be6 57. h4 (57. Bb6 $16) 57... gxh3 $14 58. g4 Bd7 59. Kg3 h2 60. Bxh2 Kg5 61. Bg1 Bxg4 62. Be3+ Kf5 63. e6 Bh5 64. e7 Ke6 65. Kf4 Kxe7 66. Ke5 Be2 {Precision: White = 62%, Black = 61%.} 1/2-1/2

[Event "NOR-ch Elite 2017"]
[Site "Stavanger"]
[Date "2017.06.30"]
[Round "1"]
[White "Haldorsen, Benjamin"]
[Black "Tari, Aryan"]
[Result "0-1"]
[WhiteElo "2356"]
[BlackElo "2593"]
[Annotator "TA"]
[PlyCount "118"]
[EventDate "2017.??.??"]
[EventType "swiss"]
[EventCountry "NOR"]
[SourceTitle "playchess.com"]
[Source "ChessBase"]
[SourceQuality "1"]

{[%evp 24,118,14,0,39,21,27,38,34,35,24,-12,0,0,0,0,0,0,-4,-20,0,-21,-1,-53,-50,-42,-40,-56,-8,-26,0,-40,-45,-54,-44,-86,-86,-86,-86,-86,-86,-86,-86,-88,-83,-82,-82,-81,-80,-96,-82,-229,-228,-236,-232,-232,-224,-226,-224,-224,-217,-217,-217,-217,-206,-215,-212,-211,-208,-298,-300,-272,-269,-353,-318,-302,-283,-339,-333,-338,-319,-431,-233,-233,-233,-360,-351,-470,-452,-678,-483,-663,-669,-820,-781,-773,-773]} 1. e4 e5 2. Nf3 Nc6 3. Bc4 Nf6 4. d3 Bc5 5. O-O a6 6. c3 Ba7 7. Nbd2 O-O 8. Re1 d6 9. Bb3 Ng4 10. Re2 Kh8 11. h3 f5 12. Nf1 Nh6 13. d4 fxe4 {C54: Giuoco Piano: 4 c3 Nf6, main lines with 5 d4 and 5 d3} (13... Qf6 14. exf5 Nxf5 15. dxe5 Nxe5 16. Nxe5 dxe5 17. Qd3 Nd6 18. Be3 Bf5 19. Qd2 Ne4 20. Qe1 Nc5 21. Bxc5 Bxc5 {½-½ (32) Galego,L (2501)-Gustafsson,J (2614) Sant Lluis 2005}) 14. Rxe4 {[%cal Rd4e5]} Bf5 15. Re1 {[%cal Rd4e5]} exd4 {White is slightly better.} 16. Bg5 Qd7 17. Nxd4 $146 ({Predecessor:} 17. cxd4 Nf7 18. Be3 d5 19. Ng3 Be6 20. Bc2 Rae8 21. Qd3 {1-0 (34) Fossan,E (2395)-Gullaksen,E (2345) Oslo 1998}) 17... Nxd4 18. cxd4 Rae8 19. Rxe8 Rxe8 20. Ng3 Bg6 21. Qd2 d5 (21... Nf7 $5 {[%cal Rf7g5]}) 22. Bd1 c6 (22... Qe6 $5 {[%cal Re6e1]} 23. Bf3 c6 $11) 23. h4 (23. Bh5 $11) 23... Nf7 $15 {[%cal Bh6f7,Bf7d6,Bd6e4][%mdl 32]} 24. Be3 Nd6 {...Nc4 is the strong threat.} 25. b3 Ne4 (25... Qe7 $5 {[%cal Re7h4]} 26. h5 Ne4 27. Nxe4 Bxe4 $11) 26. Nxe4 Bxe4 27. Bh5 Rf8 28. Qe2 Qd6 29. Bg4 Qf6 $40 {[%mdl 128] Black is out for blood.} 30. f3 Bxd4 31. Re1 Bxe3+ 32. Qxe3 Qxh4 33. fxe4 {And now Bf3 would win.} Qxg4 34. exd5 cxd5 $17 {[%mdl 4096] Endgame KQR-KQR} 35. Qc5 {[%cal Rc5f8]} Qf5 36. Rd1 Rd8 37. Qc7 (37. Rf1 $17 Qe6 38. Qc7 Qe3+ 39. Kh2 Qh6+ 40. Kg1 Qe3+ 41. Kh2) 37... Qd7 $1 $19 {[%cal Rd7c7]} 38. Qf4 h6 39. Qd4 Qe6 40. Rc1 Qd6 41. Re1 Rc8 42. Kh1 Rf8 43. Kg1 Kg8 44. Re5 {[#]} Rd8 $1 45. Kh1 b6 {[%cal Bb7b6,Bb6b5][%mdl 32]} 46. b4 (46. Kg1 {was necessary.}) 46... b5 47. Kg1 Qf6 48. a3 Kh8 49. Kh2 Qc6 50. Rh5 Kg8 51. Rf5 Qc4 52. Qa7 d4 (52... Qh4+ $142 53. Kg1 d4 54. Qf7+ Kh8) 53. Qe7 Rc8 54. Rf4 {[#]} (54. Rc5 $142 Rxc5 55. bxc5) 54... Qc7 $1 {[%cal Rc7f4]} 55. Qe6+ Kh8 {Black is clearly winning.} 56. g3 (56. Kg1 $142 Qd8 57. Rf1) 56... Rd8 {Strongly threatening ...d3.} 57. Rf7 Qd6 58. Qg4 {[%csl Gf7][%cal Rg4g7]} Qe5 59. Qh4 Re8 {Precision: White = 50%, Black = 72%.} 0-1